Taylor Swift Speak Now Lyrics - Statistics

General Stats
  • This quiz has been taken 5,890 times
  • The average score is 330 of 408
Answer Stats
Lyrics % Correct
a
99%
A
99%
I
99%
the
98%
you
98%
You
98%
you?
98%
in
96%
of
96%
am
95%
be
95%
not
95%
now
95%
girl
94%
on
94%
and
93%
And
93%
kind
93%
me
93%
Who
93%
who
93%
your
93%
Your
93%
are
92%
boy
92%
But
92%
should
92%
speak
92%
Speak
92%
wrong
91%
say
90%
white
90%
at
89%
marrying
89%
all
87%
All
87%
back
86%
Don't
86%
don't
86%
occasion
86%
rudely
85%
run
84%
away
83%
barging
83%
bride
83%
meet
83%
to
83%
is
82%
see
82%
she
82%
She
82%
door
81%
I'll
81%
or
81%
said
81%
veil
81%
church
80%
like
80%
out
80%
yes
80%
Yes
80%
it
79%
It
79%
pastel
79%
So
79%
so
79%
dressed
78%
room
78%
they
78%
family
77%
hear
77%
her
77%
my
76%
stand
75%
vow
75%
bridesmaid
74%
single
74%
little
73%
yelling
72%
friends
71%
pastry
71%
sneak
71%
when
70%
When
70%
need
69%
you're
69%
gown
68%
shaped
67%
wait
67%
was
67%
would
66%
snotty
65%
I'm
64%
This
64%
Wearing
64%
what
64%
forever
62%
hold
62%
thought
62%
peace
60%
eyes
59%
know
58%
looks
58%
surely
58%
wish
57%
lovely
56%
somewhere
56%
up
56%
by
55%
daydream
55%
everyone
55%
from
55%
inside
55%
looking
55%
with
55%
last
54%
only
54%
preacher
54%
chance
53%
myself
53%
that
53%
hands
52%
There's
52%
Horrified
51%
lose
51%
Where
51%
down
50%
queen
50%
uninvited
50%
silence
49%
seems
46%
aisle
45%
hiding
45%
death
43%
march
43%
pageant
42%
curtains
41%
shaky
41%
sounds
41%
time
41%
play
40%
song
40%
running
39%
floats
38%
organ
38%
starts
38%
exchanged
35%
gestures
35%
were
31%
tux
30%
Let's
29%
around
25%
Fond
25%
glad
25%
Baby
22%
didn't
22%
vows
20%
No matching quizzes found
Score Distribution
Percent of People with Each Score
Percentile by Number Answered
Your Score History
You have not taken this quiz